000
00232nam a2200097Ia 4500
001
979007
005
20250826220758.0
008
250824s9999 xx 000 0 und d
245
0
_a
SÖZ
_c
KAHRAMAN TAZEOĞLU
260
_b
DESTEK YAYINLARI
999
_c
979007
_d
979007